People in Transition. (Record no. 6540)

MARC details
000 -LEADER
fixed length control field 00648nam a22002537u 4500
001 - CONTROL NUMBER
control field 7704
003 - CONTROL NUMBER IDENTIFIER
control field OSt
005 - DATE AND TIME OF LATEST TRANSACTION
control field 20190718113001.0
007 - PHYSICAL DESCRIPTION FIXED FIELD--GENERAL INFORMATION
fixed length control field tu
008 - FIXED-LENGTH DATA ELEMENTS--GENERAL INFORMATION
fixed length control field 161220s2007 xxu|||||||||||00||0|eng|d
024 7# - OTHER STANDARD IDENTIFIER
Standard number or code 7704
Source of number or code RID
040 ## - CATALOGING SOURCE
Transcribing agency OSt
110 2# - MAIN ENTRY--CORPORATE NAME
Corporate name or jurisdiction name as entry element European Bank for Reconstruction and Development (EBRD)
245 00 - TITLE STATEMENT
Title People in Transition.
Remainder of title Transition Report 2007
260 ## - PUBLICATION, DISTRIBUTION, ETC.
Place of publication, distribution, etc. London,
Date of publication, distribution, etc. 2007.
300 ## - PHYSICAL DESCRIPTION
Extent 216 S.
490 0# - SERIES STATEMENT
Series statement Transition Report
Volume/sequential designation 2007
International Standard Serial Number 1356-3424
651 #4 - SUBJECT ADDED ENTRY--GEOGRAPHIC NAME
Geographic name CEE
651 #4 - SUBJECT ADDED ENTRY--GEOGRAPHIC NAME
Geographic name CIS
651 #4 - SUBJECT ADDED ENTRY--GEOGRAPHIC NAME
Geographic name Mongolia
651 #4 - SUBJECT ADDED ENTRY--GEOGRAPHIC NAME
Geographic name SEE
856 ## - ELECTRONIC LOCATION AND ACCESS
Uniform Resource Identifier <a href="http://www.ebrd.com/downloads/research/transition/TR07.pdf">http://www.ebrd.com/downloads/research/transition/TR07.pdf</a>
942 ## - ADDED ENTRY ELEMENTS (KOHA)
Koha item type Periodical
Holdings
Withdrawn status Lost status Damaged status Not for loan Home library Current library Shelving location Date acquired Inventory number Total Checkouts Barcode Date last seen Price effective from Koha item type
        WIIW WIIW Library 12/06/2007 7704   10003659 01/26/2017 01/26/2017 Periodical
The Vienna Instiute for International Economic Studies (wiiw)